Développements Limités Maths - Statistiques

Statistiques générales
  • Ce quiz a été pris 20 fois
  • Le résultat moyen est 4 sur 10
Statistiques - réponses
Indice Réponse % Correct
e^x x^n/n! + o(x^n)
100%
ch(x) x^2n/(2n)! + o(x^2n)
69%
sh(x) x^(2n+1)/(2n+1)!+ o(x^(2n+1))
63%
sin(x) (-1)^n * x^(2n+1)/(2n+1)!+ o(x^(2n+1))
50%
Arctan(x) (-1)^n * x^(2n+1)/2n+1+ o(x^(2n+1))
50%
cos(x) (-1)^n * x^2n/(2n)! + o(x^2n)
50%
ln(1+x) (-1)^(n-1) * x^n/n+ o(x^n)
13%
(1+x)^α (α-n+1)x^n/n!+ o(x^n)
6%
1/(1-x) x^n+ o(x^n)
6%
tan(x) x + x^3/3 + o(x^3)
0%
Aucun quiz correspondant
Distribution des résultats
% des personnes avec chaque résultat
Percentile par nombre de réponses
Votre historique - résultats
Vous n’avez pas pris ce quiz